[Event "Bundesliga 9495"]
[Site "Deutschland"]
[Date "1994.??.??"]
[Round "?.7"]
[White "Meyer, Claus Dieter"]
[Black "Sonntag, Hans Hubert"]
[Result "1/2-1/2"]
[WhiteElo "2320"]
[BlackElo "2430"]
[PlyCount "149"]
[EventDate "1994.10.??"]
[EventType "team"]
[EventRounds "15"]
[EventCountry "GER"]
[SourceTitle "Bundesliga 9495"]
[Source "DeepChess"]
[SourceDate "2005.01.01"]
[SourceVersion "1"]
[SourceVersionDate "2005.01.01"]
[SourceQuality "1"]
[WhiteTeam "SAbt SV Werder Bremen"]
[BlackTeam "SG Bochum 31"]
[WhiteTeamCountry "GER"]
[BlackTeamCountry "GER"]

1. e4 e5 2. Nf3 Nc6 3. Bb5 a6 4. Ba4 Nf6 5. O-O Be7 6. Bxc6 dxc6 7. Qe1 Nd7 8.
b3 O-O 9. Bb2 f6 10. d4 Bd6 11. Nbd2 Qe7 12. Qe3 exd4 13. Nxd4 Ne5 14. f4 Ng6
15. Kh1 Bd7 16. Qg3 f5 17. e5 Bc5 18. Nc4 Bxd4 19. Bxd4 Be6 20. Ne3 Rad8 21.
Rfd1 c5 22. Bc3 c4 23. b4 Rxd1+ 24. Rxd1 Rd8 25. Rxd8+ Qxd8 26. h3 Qd7 27. h4
Ne7 28. Qf3 c6 29. Qe2 b5 30. a3 Bd5 31. Qh5 Ng6 32. Qg5 Be4 33. h5 Nf8 34. h6
Ne6 35. Qg3 g6 36. Qh4 Qd8 37. Qxd8+ Nxd8 38. Kh2 Nf7 39. g4 Nxh6 40. g5 Nf7
41. Bd2 Nd8 42. c3 Kf7 43. Kg3 Ke6 44. Nd1 Bc2 45. Ne3 Bd3 46. Kf3 Nb7 47. Nd1
c5 48. Be3 Bc2 49. Nf2 cxb4 50. axb4 a5 51. bxa5 Nxa5 52. Bb6 Nc6 53. Bc5 Kd5
54. Bd6 Nd8 55. Ke3 Nf7 56. Bf8 Nd8 57. Nh3 Nc6 58. Kd2 Ba4 59. Ke3 b4 60. Bxb4
Nxb4 61. cxb4 c3 62. Nf2 Bb5 63. Nd3 c2 64. Nc1 Bc4 65. Kd2 Ke4 66. Kxc2 Kxf4
67. Kc3 Ba6 68. Kd4 Kxg5 69. Kc5 f4 70. b5 Bxb5 71. Kxb5 Kf5 72. Nd3 f3 73. Kc4
f2 74. Nxf2 Kxe5 75. Nd3+ 1/2-1/2

[Event "Bundesliga 9495"]
[Site "Deutschland"]
[Date "1994.??.??"]
[Round "?.8"]
[White "Kassebaum, Roman"]
[Black "Wenzel, Reinhard"]
[Result "1-0"]
[WhiteElo "2335"]
[BlackElo "2165"]
[PlyCount "103"]
[EventDate "1994.10.??"]
[EventType "team"]
[EventRounds "15"]
[EventCountry "GER"]
[SourceTitle "Bundesliga 9495"]
[Source "DeepChess"]
[SourceDate "2005.01.01"]
[SourceVersion "1"]
[SourceVersionDate "2005.01.01"]
[SourceQuality "1"]
[WhiteTeam "SG Bochum 31"]
[BlackTeam "SAbt SV Werder Bremen"]
[WhiteTeamCountry "GER"]
[BlackTeamCountry "GER"]

1. e4 c5 2. Nc3 Nc6 3. Nge2 g6 4. g3 Bg7 5. Bg2 e6 6. O-O Nge7 7. d3 O-O 8. Bg5
h6 9. Be3 Nd4 10. Qd2 Kh7 11. f4 d6 12. Rab1 Qa5 13. a3 Nec6 14. Kh1 Nxe2 15.
Nxe2 Qxd2 16. Bxd2 a5 17. c3 a4 18. Be3 Na5 19. e5 c4 20. d4 d5 21. g4 Bd7 22.
Ng3 Nc6 23. f5 f6 24. exf6 Bxf6 25. fxg6+ Kxg6 26. Nh5 Bg5 27. Bf4 Bxf4 28.
Nxf4+ Kg5 29. h4+ Kxg4 30. Bh3+ Kg3 31. Rbe1 Rg8 32. h5 Kh4 33. Re3 Rg3 34. Re2
Ne7 35. Kh2 Rf8 36. Ng2+ Rxg2+ 37. Bxg2 Rxf1 38. Bxf1 Kxh5 39. Bh3 Nf5 40. Re5
Kg5 41. Bxf5 exf5 42. Rxd5 Bc6 43. Rc5 Be4 44. Rxc4 Kf4 45. Rc7 Ke3 46. Rh7 f4
47. Rxh6 Kd3 48. Re6 Bc6 49. Re5 Kc4 50. Rc5+ Kd3 51. d5 Be8 52. d6 1-0

[Event "Bundesliga 9495"]
[Site "Deutschland"]
[Date "1995.??.??"]
[Round "?.1"]
[White "Lutz, Christopher"]
[Black "Blatny, Pavel"]
[Result "1/2-1/2"]
[WhiteElo "2560"]
[BlackElo "2485"]
[PlyCount "84"]
[EventDate "1994.10.??"]
[EventType "team"]
[EventRounds "15"]
[EventCountry "GER"]
[SourceTitle "Bundesliga 9495"]
[Source "DeepChess"]
[SourceDate "2005.01.01"]
[SourceVersion "1"]
[SourceVersionDate "2005.01.01"]
[SourceQuality "1"]
[WhiteTeam "SG Porz e.V."]
[BlackTeam "SAbt SV Werder Bremen"]
[WhiteTeamCountry "GER"]
[BlackTeamCountry "GER"]

1. d4 d5 2. c4 e6 3. Nf3 Nd7 4. Nc3 Ngf6 5. Bg5 Bb4 6. cxd5 exd5 7. Qc2 O-O 8.
a3 Bxc3+ 9. Qxc3 c6 10. e3 Qb6 11. Qb4 Ne4 12. Bf4 Qd8 13. Be2 a5 14. Qa4 c5
15. Qc2 c4 16. Bxc4 dxc4 17. Qxe4 Nf6 18. Qc2 Qd5 19. O-O Bf5 20. Qc1 Bd3 21.
Re1 Be4 22. Nd2 Bd3 23. Be5 Nd7 24. e4 Qe6 25. Bg3 f5 26. exf5 Qd5 27. Qc3 b5
28. Nf1 Nf6 29. Ne3 Qb7 30. f3 Rfe8 31. Be5 Nd7 32. f4 b4 33. axb4 axb4 34. Qd2
Qb5 35. Rxa8 Rxa8 36. Qf2 c3 37. bxc3 b3 38. Nd1 Bxf5 39. Nb2 Ra2 40. h3 Qa6
41. d5 Qa3 42. Re2 Bc2 1/2-1/2

[Event "Bundesliga 9495"]
[Site "Deutschland"]
[Date "1995.??.??"]
[Round "?.2"]
[White "Knaak, Rainer"]
[Black "Hort, Vlastimil"]
[Result "1/2-1/2"]
[WhiteElo "2540"]
[BlackElo "2565"]
[PlyCount "80"]
[EventDate "1994.10.??"]
[EventType "team"]
[EventRounds "15"]
[EventCountry "GER"]
[SourceTitle "Bundesliga 9495"]
[Source "DeepChess"]
[SourceDate "2005.01.01"]
[SourceVersion "1"]
[SourceVersionDate "2005.01.01"]
[SourceQuality "1"]
[WhiteTeam "SAbt SV Werder Bremen"]
[BlackTeam "SG Porz e.V."]
[WhiteTeamCountry "GER"]
[BlackTeamCountry "GER"]

1. d4 e6 2. c4 d5 3. Nc3 Be7 4. cxd5 exd5 5. Bf4 c6 6. Qc2 Bd6 7. Bxd6 Qxd6 8.
e3 Qg6 9. Qb3 Ne7 10. Nf3 Nd7 11. O-O-O Nb6 12. h3 Qf6 13. Be2 Be6 14. Rhf1 Ng6
15. Ne1 Qe7 16. Nd3 O-O 17. Nc5 Rfe8 18. Bd3 Nf8 19. Qc2 Rab8 20. Kb1 Nbd7 21.
Nxe6 Qxe6 22. e4 dxe4 23. Nxe4 Nf6 24. Rfe1 Nxe4 25. Rxe4 Qf6 26. Re3 g6 27.
Bc4 Ne6 28. Rf3 Qg7 29. Bxe6 Rxe6 30. Qa4 a6 31. d5 cxd5 32. Rxd5 Re1+ 33. Rd1
Qe5 34. Rfd3 Re8 35. a3 Re2 36. R1d2 Qf5 37. Ka2 Qe6+ 38. Qb3 Qxb3+ 39. Kxb3
Kg7 40. Kc2 R8e7 1/2-1/2

[Event "Bundesliga 9495"]
[Site "Deutschland"]
[Date "1995.??.??"]
[Round "?.4"]
[White "Heissler, Jakob"]
[Black "Hickl, Joerg"]
[Result "1/2-1/2"]
[WhiteElo "2440"]
[BlackElo "2535"]
[PlyCount "79"]
[EventDate "1994.10.??"]
[EventType "team"]
[EventRounds "15"]
[EventCountry "GER"]
[SourceTitle "Bundesliga 9495"]
[Source "DeepChess"]
[SourceDate "2005.01.01"]
[SourceVersion "1"]
[SourceVersionDate "2005.01.01"]
[SourceQuality "1"]
[WhiteTeam "SAbt SV Werder Bremen"]
[BlackTeam "SG Porz e.V."]
[WhiteTeamCountry "GER"]
[BlackTeamCountry "GER"]

1. d4 d6 2. Nf3 Nf6 3. c4 Nbd7 4. Nc3 c6 5. e4 e5 6. Be2 a6 7. O-O b5 8. a3 Be7
9. Qc2 O-O 10. Rd1 Qc7 11. Bg5 Bb7 12. Rac1 Rac8 13. Qb1 Qb8 14. b4 Rfe8 15.
dxe5 dxe5 16. c5 Nf8 17. h3 h6 18. Be3 N6h7 19. Rd2 Rcd8 20. Rcd1 Rxd2 21. Rxd2
Ne6 22. Bd1 Rd8 23. Rxd8+ Bxd8 24. Bb3 Bc8 25. Qd3 Be7 26. Qd2 Nhg5 27. Nxg5
Nxg5 28. Qd3 Ne6 29. Ne2 h5 30. Ng3 g6 31. Nf1 Qc7 32. Nd2 Qd8 33. Qxd8+ Bxd8
34. Nf3 Bc7 35. Kf1 Kg7 36. Ke2 f5 37. Ng5 Kf6 38. Nxe6 Bxe6 39. Bxe6 Kxe6 40.
f3 1/2-1/2

[Event "Bundesliga 9495"]
[Site "Deutschland"]
[Date "1995.??.??"]
[Round "?.5"]
[White "Vaganian, Rafael A"]
[Black "Meins, Gerlef"]
[Result "1-0"]
[WhiteElo "2640"]
[BlackElo "2425"]
[PlyCount "69"]
[EventDate "1994.10.??"]
[EventType "team"]
[EventRounds "15"]
[EventCountry "GER"]
[SourceTitle "Bundesliga 9495"]
[Source "DeepChess"]
[SourceDate "2005.01.01"]
[SourceVersion "1"]
[SourceVersionDate "2005.01.01"]
[SourceQuality "1"]
[WhiteTeam "SG Porz e.V."]
[BlackTeam "SAbt SV Werder Bremen"]
[WhiteTeamCountry "GER"]
[BlackTeamCountry "GER"]

1. c4 e5 2. g3 c6 3. Nf3 e4 4. Nd4 d5 5. cxd5 Qxd5 6. Nc2 Nf6 7. Bg2 Qh5 8. h3
Qg6 9. Ne3 Bd6 10. Qc2 O-O 11. b3 Na6 12. a3 Re8 13. Nc3 Nc7 14. Bb2 Bd7 15.
Na4 Ncd5 16. O-O-O b6 17. Kb1 Rad8 18. Nc3 b5 19. Rc1 a5 20. Ncd1 c5 21. d3
exd3 22. Qxd3 Qxd3+ 23. exd3 Be6 24. Kc2 Rc8 25. Re1 Red8 26. f4 Nxe3+ 27. Nxe3
Nh5 28. Rg1 Be7 29. Bf3 Nf6 30. f5 Bd7 31. g4 h6 32. h4 Nh7 33. g5 hxg5 34. Nd5
Bd6 35. Be4 1-0

[Event "Bundesliga 9495"]
[Site "Deutschland"]
[Date "1995.??.??"]
[Round "?.6"]
[White "Floegel, Ulrich"]
[Black "Vogt, Lothar"]
[Result "1/2-1/2"]
[WhiteElo "2315"]
[BlackElo "2475"]
[PlyCount "120"]
[EventDate "1994.10.??"]
[EventType "team"]
[EventRounds "15"]
[EventCountry "GER"]
[SourceTitle "Bundesliga 9495"]
[Source "DeepChess"]
[SourceDate "2005.01.01"]
[SourceVersion "1"]
[SourceVersionDate "2005.01.01"]
[SourceQuality "1"]
[WhiteTeam "SAbt SV Werder Bremen"]
[BlackTeam "SG Porz e.V."]
[WhiteTeamCountry "GER"]
[BlackTeamCountry "GER"]

1. e4 c5 2. Nf3 e6 3. d3 Nc6 4. g3 d6 5. Bg2 Nf6 6. O-O Be7 7. c3 O-O 8. Re1
Bd7 9. Nbd2 Rc8 10. a3 b5 11. b4 cxb4 12. axb4 a5 13. bxa5 Nxa5 14. Nb3 Nxb3
15. Qxb3 Qc7 16. Bd2 Ng4 17. Qd1 Ne5 18. Qe2 Nxf3+ 19. Qxf3 Ra8 20. Reb1 Ra4
21. Rc1 Rfa8 22. Rab1 Bf8 23. d4 Ra2 24. Qd1 Qa5 25. Be1 Qa4 26. Bf1 g6 27. Rb3
Bc6 28. d5 exd5 29. exd5 Bd7 30. Rcb1 Bg4 31. Qd4 Be2 32. Bxe2 Rxe2 33. Rb4 Qa5
34. Qd3 Rae8 35. Bd2 Qa2 36. R1b2 Qa7 37. Be3 R8xe3 38. fxe3 Qa1+ 39. Rb1 Qa2
40. Qe4 Rxh2 41. Rf1 Rh5 42. Qg2 Qa7 43. Qf3 Re5 44. Rd4 Qe7 45. e4 Bg7 46. Rb4
Rg5 47. Qd3 Be5 48. Rf3 h5 49. Kf2 Qa7+ 50. Qe3 Qa2+ 51. Kf1 Rg4 52. Qf2 Qa1+
53. Kg2 h4 54. Rxb5 Rxg3+ 55. Rxg3 hxg3 56. Qc2 Qe1 57. Rb8+ Kg7 58. Rb1 Qe3
59. Rf1 Qh6 60. Rh1 Qe3 1/2-1/2

[Event "Bundesliga 9495"]
[Site "Deutschland"]
[Date "1995.??.??"]
[Round "?.7"]
[White "Mainka, Romuald"]
[Black "Meyer, Claus Dieter"]
[Result "1/2-1/2"]
[WhiteElo "2515"]
[BlackElo "2310"]
[PlyCount "48"]
[EventDate "1994.10.??"]
[EventType "team"]
[EventRounds "15"]
[EventCountry "GER"]
[SourceTitle "Bundesliga 9495"]
[Source "DeepChess"]
[SourceDate "2005.01.01"]
[SourceVersion "1"]
[SourceVersionDate "2005.01.01"]
[SourceQuality "1"]
[WhiteTeam "SG Porz e.V."]
[BlackTeam "SAbt SV Werder Bremen"]
[WhiteTeamCountry "GER"]
[BlackTeamCountry "GER"]

1. e4 d5 2. exd5 Qxd5 3. Nc3 Qa5 4. g3 Nf6 5. Bg2 c6 6. Nf3 Bf5 7. O-O e6 8. d3
Be7 9. h3 h6 10. Qe2 Nbd7 11. Bd2 Qb6 12. Rab1 a5 13. Kh1 O-O 14. Ne4 Nxe4 15.
dxe4 Bg6 16. Bf4 Rfd8 17. g4 Qb4 18. Rfe1 Rac8 19. Bg3 Bh7 20. a3 Qa4 21. Ne5
Nxe5 22. Bxe5 Qb5 23. Bc3 Qxe2 24. Rxe2 a4 1/2-1/2

[Event "Bundesliga 9495"]
[Site "Deutschland"]
[Date "1995.??.??"]
[Round "?.8"]
[White "Wenzel, Reinhard"]
[Black "Ostermeyer, Peter"]
[Result "1/2-1/2"]
[WhiteElo "2230"]
[BlackElo "2390"]
[PlyCount "36"]
[EventDate "1994.10.??"]
[EventType "team"]
[EventRounds "15"]
[EventCountry "GER"]
[SourceTitle "Bundesliga 9495"]
[Source "DeepChess"]
[SourceDate "2005.01.01"]
[SourceVersion "1"]
[SourceVersionDate "2005.01.01"]
[SourceQuality "1"]
[WhiteTeam "SAbt SV Werder Bremen"]
[BlackTeam "SG Porz e.V."]
[WhiteTeamCountry "GER"]
[BlackTeamCountry "GER"]

1. c4 e5 2. Nc3 Bb4 3. g3 Bxc3 4. dxc3 d6 5. Bg2 f5 6. Nf3 Nf6 7. O-O O-O 8.
Bg5 Nbd7 9. e4 h6 10. Bxf6 Nxf6 11. exf5 Bxf5 12. c5 Be4 13. Re1 Bc6 14. Qb3+
Rf7 15. Rad1 Qf8 16. Nh4 Bxg2 17. Kxg2 d5 18. Ng6 Qxc5 1/2-1/2

[Event "Bundesliga 9495"]
[Site "Deutschland"]
[Date "1994.??.??"]
[Round "?.1"]
[White "Gavrikov, Viktor"]
[Black "Hracek, Zbynek"]
[Result "1-0"]
[WhiteElo "2600"]
[BlackElo "2530"]
[PlyCount "81"]
[EventDate "1994.10.??"]
[EventType "team"]
[EventRounds "15"]
[EventCountry "GER"]
[SourceTitle "Bundesliga 9495"]
[Source "DeepChess"]
[SourceDate "2005.01.01"]
[SourceVersion "1"]
[SourceVersionDate "2005.01.01"]
[SourceQuality "1"]
[WhiteTeam "SK Zaehringen 1921"]
[BlackTeam "SAbt SV Werder Bremen"]
[WhiteTeamCountry "GER"]
[BlackTeamCountry "GER"]

1. d4 Nf6 2. Nf3 e6 3. g3 d5 4. Bg2 c6 5. c4 Nbd7 6. Qc2 Bd6 7. O-O O-O 8. Rd1
Qe7 9. Nbd2 Re8 10. e4 dxe4 11. Nxe4 Nxe4 12. Qxe4 e5 13. Bd2 exd4 14. Qxd4 Bc5
15. Qc3 Nf6 16. Re1 Qf8 17. b4 Bb6 18. Rxe8 Qxe8 19. Re1 Qf8 20. Bg5 a5 21. a3
axb4 22. axb4 Bd8 23. Be3 Be7 24. Bd2 Ra2 25. Qb3 Ra8 26. h3 Bd7 27. Bc3 Rd8
28. Qb1 h6 29. g4 Bc8 30. b5 cxb5 31. Qxb5 Bc5 32. g5 Bd7 33. Qb2 Nh5 34. gxh6
Bc6 35. hxg7 Qd6 36. Be5 Qd3 37. Bc7 Rc8 38. Ne5 Qg3 39. Nxc6 Qxc7 40. Ne5 Nf4
41. Ng4 1-0

[Event "Bundesliga 9495"]
[Site "Deutschland"]
[Date "1994.??.??"]
[Round "?.3"]
[White "Siegel, Georg"]
[Black "Knaak, Rainer"]
[Result "1/2-1/2"]
[WhiteElo "2490"]
[BlackElo "2520"]
[PlyCount "159"]
[EventDate "1994.10.??"]
[EventType "team"]
[EventRounds "15"]
[EventCountry "GER"]
[SourceTitle "Bundesliga 9495"]
[Source "DeepChess"]
[SourceDate "2005.01.01"]
[SourceVersion "1"]
[SourceVersionDate "2005.01.01"]
[SourceQuality "1"]
[WhiteTeam "SK Zaehringen 1921"]
[BlackTeam "SAbt SV Werder Bremen"]
[WhiteTeamCountry "GER"]
[BlackTeamCountry "GER"]

1. d4 Nf6 2. c4 d6 3. Nc3 Nbd7 4. e4 e5 5. Nf3 g6 6. Be2 Bg7 7. O-O O-O 8. Re1
c6 9. Bf1 exd4 10. Nxd4 Ng4 11. Qxg4 Bxd4 12. Be3 Nc5 13. Qd1 Be5 14. Qd2 Re8
15. Rab1 Qf6 16. Bg5 Qh8 17. Rbc1 h5 18. b4 Ne6 19. Be3 Qf6 20. Red1 g5 21. Na4
Rd8 22. Qe1 g4 23. c5 Ng5 24. Bd2 Kh7 25. Qe3 Rg8 26. Bc3 Bxh2+ 27. Kh1 Be5 28.
cxd6 Nf3 29. g3 Be6 30. Nc5 h4 31. Kg2 Bxc3 32. Rxc3 Rg5 33. Be2 Ne5 34. b5 Rh5
35. Qf4 Qg7 36. bxc6 Nxc6 37. Rcc1 hxg3 38. fxg3 Qb2 39. Qd2 Qe5 40. Qf4 Qb2
41. Qd2 Qe5 42. Qc3 Kg6 43. Qxe5 Nxe5 44. Nxb7 Rb8 45. Rc7 Rbh8 46. Kf2 Rh2+
47. Ke3 Rg2 48. Bb5 f6 49. d7 Rxg3+ 50. Kf2 Rf3+ 51. Kg2 Bxd7 52. Bxd7 Rfh3 53.
Bf5+ Kg5 54. Rd8 Rh2+ 55. Kf1 Rh1+ 56. Ke2 R8h2+ 57. Ke3 Re1+ 58. Kd4 Rd2+ 59.
Kc3 Rxa2 60. Nc5 Kf4 61. Kb3 Rf2 62. Ne6+ Kg3 63. Rc3+ Kg2 64. Rg8 Rb1+ 65. Ka3
Rf3 66. Rxf3 Kxf3 67. Rc8 Rd1 68. Rc3+ Rd3 69. Rxd3+ Nxd3 70. Nd4+ Kf4 71. Ne2+
Kg5 72. Kb3 Nf4 73. Nd4 Ng2 74. Ne2 Ne3 75. Bc8 Kh4 76. Kc3 g3 77. Kd4 Nc2+ 78.
Kd3 Nb4+ 79. Ke3 a5 80. Kf3 1/2-1/2

[Event "Bundesliga 9495"]
[Site "Deutschland"]
[Date "1994.??.??"]
[Round "?.4"]
[White "Heissler, Jakob"]
[Black "Mann, Christian"]
[Result "1-0"]
[WhiteElo "2440"]
[BlackElo "2450"]
[PlyCount "117"]
[EventDate "1994.10.??"]
[EventType "team"]
[EventRounds "15"]
[EventCountry "GER"]
[SourceTitle "Bundesliga 9495"]
[Source "DeepChess"]
[SourceDate "2005.01.01"]
[SourceVersion "1"]
[SourceVersionDate "2005.01.01"]
[SourceQuality "1"]
[WhiteTeam "SAbt SV Werder Bremen"]
[BlackTeam "SK Zaehringen 1921"]
[WhiteTeamCountry "GER"]
[BlackTeamCountry "GER"]

1. e4 e6 2. d3 d5 3. Nd2 Nf6 4. Ngf3 b6 5. e5 Nfd7 6. d4 c5 7. c3 Be7 8. Bd3
Ba6 9. Bxa6 Nxa6 10. Qe2 Nab8 11. O-O Nc6 12. Rd1 cxd4 13. cxd4 O-O 14. Nf1 Rc8
15. Bf4 Qc7 16. Ne3 Qb7 17. h4 b5 18. h5 b4 19. h6 g6 20. Ng4 Rfe8 21. Qd2 a5
22. Rac1 Bf8 23. Bg5 Ne7 24. Bxe7 Bxe7 25. Qf4 Qb8 26. Ng5 f5 27. Nh2 Nf8 28.
Nhf3 Rxc1 29. Rxc1 Rc8 30. Qd2 Rc7 31. Ne1 Qc8 32. Rxc7 Qxc7 33. Ngf3 Nd7 34.
Nd3 Qc4 35. Nf4 Kf7 36. Nh3 Qxa2 37. Nhg5+ Kg8 38. Nxe6 Qc4 39. Nf4 a4 40. Qe3
a3 41. bxa3 bxa3 42. e6 Nf6 43. Qe5 g5 44. g3 a2 45. Qb8+ Bf8 46. Qa7 Kh8 47.
Ne5 Qc1+ 48. Kg2 gxf4 49. Qa8 f3+ 50. Nxf3 Qxh6 51. e7 Kg8 52. exf8=Q+ Qxf8 53.
Qxa2 Qd6 54. Qa7 Qd7 55. Qb8+ Kg7 56. Qe5 Kf7 57. Nh4 Ng4 58. Qf4 Qe6 59. Nxf5
$138 1-0

[Event "Bundesliga 9495"]
[Site "Deutschland"]
[Date "1994.??.??"]
[Round "?.5"]
[White "Schmaltz, Roland"]
[Black "Meins, Gerlef"]
[Result "1/2-1/2"]
[WhiteElo "2450"]
[BlackElo "2440"]
[PlyCount "81"]
[EventDate "1994.10.??"]
[EventType "team"]
[EventRounds "15"]
[EventCountry "GER"]
[SourceTitle "Bundesliga 9495"]
[Source "DeepChess"]
[SourceDate "2005.01.01"]
[SourceVersion "1"]
[SourceVersionDate "2005.01.01"]
[SourceQuality "1"]
[WhiteTeam "SK Zaehringen 1921"]
[BlackTeam "SAbt SV Werder Bremen"]
[WhiteTeamCountry "GER"]
[BlackTeamCountry "GER"]

1. e4 c5 2. Nf3 Nc6 3. d4 cxd4 4. Nxd4 Nf6 5. Nc3 d6 6. f4 e6 7. Nf3 Be7 8. Bd3
a6 9. a3 d5 10. e5 Nd7 11. Be3 Bc5 12. Bxc5 Nxc5 13. Qd2 f5 14. exf6 Nxd3+ 15.
Qxd3 Qxf6 16. g3 Bd7 17. O-O-O O-O 18. Ng5 Qf5 19. Rhe1 Qxd3 20. Rxd3 Rae8 21.
Nf3 Rf6 22. Na4 Nb4 23. axb4 Bxa4 24. Rc3 Rf7 25. Nd4 Rfe7 26. b3 Bd7 27. Re5
Kf7 28. Rce3 h6 29. h4 Kf6 30. Kd2 Rg8 31. f5 Rge8 32. fxe6 Bxe6 33. Kd3 Bg4
34. Rxe7 Rxe7 35. Rxe7 Kxe7 36. Ke3 Kf6 37. Kf4 Bd1 38. c3 g5+ 39. hxg5+ hxg5+
40. Ke3 Ke5 41. Kd2 1/2-1/2

[Event "Bundesliga 9495"]
[Site "Deutschland"]
[Date "1994.??.??"]
[Round "?.6"]
[White "Floegel, Ulrich"]
[Black "Brendel, Oliver"]
[Result "1/2-1/2"]
[WhiteElo "2275"]
[BlackElo "2370"]
[PlyCount "56"]
[EventDate "1994.10.??"]
[EventType "team"]
[EventRounds "15"]
[EventCountry "GER"]
[SourceTitle "Bundesliga 9495"]
[Source "DeepChess"]
[SourceDate "2005.01.01"]
[SourceVersion "1"]
[SourceVersionDate "2005.01.01"]
[SourceQuality "1"]
[WhiteTeam "SAbt SV Werder Bremen"]
[BlackTeam "SK Zaehringen 1921"]
[WhiteTeamCountry "GER"]
[BlackTeamCountry "GER"]

1. e4 c5 2. Nf3 g6 3. Bc4 Bg7 4. c3 Nc6 5. d4 cxd4 6. cxd4 d6 7. Nc3 Nf6 8. h3
O-O 9. Bb3 e5 10. O-O exd4 11. Nxd4 Re8 12. Nxc6 bxc6 13. Bg5 Be6 14. Bc2 Qb6
15. Rb1 d5 16. Bxf6 Bxf6 17. exd5 Bxd5 18. Nxd5 cxd5 19. Qxd5 Rad8 20. Qf3 Rd2
21. Bb3 Kg7 22. Rbd1 Red8 23. Rxd2 Rxd2 24. g3 Rd7 25. Kg2 Bxb2 26. Rd1 Re7 27.
h4 h5 28. Rd5 Qf6 1/2-1/2

[Event "Bundesliga 9495"]
[Site "Deutschland"]
[Date "1994.??.??"]
[Round "?.7"]
[White "Schuh, Hubert"]
[Black "Hedke, Fred"]
[Result "0-1"]
[WhiteElo "2345"]
[BlackElo "2350"]
[PlyCount "82"]
[EventDate "1994.10.??"]
[EventType "team"]
[EventRounds "15"]
[EventCountry "GER"]
[SourceTitle "Bundesliga 9495"]
[Source "DeepChess"]
[SourceDate "2005.01.01"]
[SourceVersion "1"]
[SourceVersionDate "2005.01.01"]
[SourceQuality "1"]
[WhiteTeam "SK Zaehringen 1921"]
[BlackTeam "SAbt SV Werder Bremen"]
[WhiteTeamCountry "GER"]
[BlackTeamCountry "GER"]

1. d4 d5 2. c4 e6 3. Nc3 Nf6 4. cxd5 exd5 5. Bg5 Be7 6. e3 h6 7. Bh4 O-O 8. Bd3
b6 9. Nf3 Bb7 10. O-O Nbd7 11. Qe2 a6 12. Rfd1 Ne4 13. Bg3 Ndf6 14. Rac1 Nxg3
15. hxg3 Bd6 16. a3 Re8 17. Bb1 Qe7 18. b4 g6 19. Ba2 Kg7 20. Bb3 b5 21. Re1 c6
22. Rb1 a5 23. Na2 axb4 24. axb4 Ne4 25. Rec1 Ra6 26. Ne1 Bc8 27. Nd3 h5 28.
Nc5 Bxc5 29. bxc5 Qf6 30. Nb4 Ra3 31. Nd3 Bf5 32. Nf4 Rea8 33. Qe1 Ng5 34. Ra1
Qd8 35. Rxa3 Rxa3 36. Bc2 Bxc2 37. Rxc2 Ne4 38. Rc1 Qa8 39. Qd1 Ra2 40. Nd3 Qa5
41. Qf3 Rd2 0-1

[Event "Bundesliga 9495"]
[Site "Deutschland"]
[Date "1994.??.??"]
[Round "?.8"]
[White "Wenzel, Reinhard"]
[Black "Vatter, Hans Joachim"]
[Result "0-1"]
[WhiteElo "2165"]
[BlackElo "2330"]
[PlyCount "60"]
[EventDate "1994.10.??"]
[EventType "team"]
[EventRounds "15"]
[EventCountry "GER"]
[SourceTitle "Bundesliga 9495"]
[Source "DeepChess"]
[SourceDate "2005.01.01"]
[SourceVersion "1"]
[SourceVersionDate "2005.01.01"]
[SourceQuality "1"]
[WhiteTeam "SAbt SV Werder Bremen"]
[BlackTeam "SK Zaehringen 1921"]
[WhiteTeamCountry "GER"]
[BlackTeamCountry "GER"]

1. c4 e5 2. Nc3 Bb4 3. Nf3 Bxc3 4. dxc3 d6 5. c5 Nf6 6. cxd6 cxd6 7. Qa4+ Nc6
8. Bg5 h6 9. Bh4 g5 10. Bg3 Bf5 11. O-O-O Qc7 12. Nd2 O-O-O 13. e4 Bg6 14. f3
d5 15. Bb5 Nd4 16. Bxe5 Qxe5 17. cxd4 Qc7+ 18. Kb1 Kb8 19. Rhe1 Qxh2 20. Ka1
dxe4 21. fxe4 Qxg2 22. Qb4 Qg3 23. e5 Nd5 24. Qc5 Ne3 25. Nf1 Qxe1 26. Rxe1
Nc2+ 27. Kb1 Nxe1+ 28. Ka1 Nc2+ 29. Kb1 Nxd4+ 30. Ka1 Nc2+ 0-1

[Event "Bundesliga 9495"]
[Site "Deutschland"]
[Date "1995.??.??"]
[Round "?.1"]
[White "Blatny, Pavel"]
[Black "Zude, Arno"]
[Result "1-0"]
[WhiteElo "2485"]
[BlackElo "2430"]
[PlyCount "47"]
[EventDate "1994.10.??"]
[EventType "team"]
[EventRounds "15"]
[EventCountry "GER"]
[SourceTitle "Bundesliga 9495"]
[Source "DeepChess"]
[SourceDate "2005.01.01"]
[SourceVersion "1"]
[SourceVersionDate "2005.01.01"]
[SourceQuality "1"]
[WhiteTeam "SAbt SV Werder Bremen"]
[BlackTeam "SV 1920 Hofheim"]
[WhiteTeamCountry "GER"]
[BlackTeamCountry "GER"]

1. Nf3 Nf6 2. d4 e6 3. Bf4 b6 4. e3 Bb7 5. Nbd2 c5 6. c3 Be7 7. Bd3 d5 8. Ne5
Nbd7 9. Ndf3 O-O 10. h4 Nxe5 11. dxe5 Ne4 12. Ng5 g6 13. Qg4 h5 14. Qf3 Nxg5
15. hxg5 Kg7 16. g4 h4 17. Rxh4 Bxg5 18. Rh3 Qe7 19. O-O-O Rh8 20. Bxg5 Qxg5
21. Rdh1 Qxe5 22. Rxh8 Rxh8 23. Rxh8 Kxh8 24. Qxf7 1-0

[Event "Bundesliga 9495"]
[Site "Deutschland"]
[Date "1995.??.??"]
[Round "?.2"]
[White "Pirrot, Dieter"]
[Black "Knaak, Rainer"]
[Result "0-1"]
[WhiteElo "2395"]
[BlackElo "2540"]
[PlyCount "74"]
[EventDate "1994.10.??"]
[EventType "team"]
[EventRounds "15"]
[EventCountry "GER"]
[SourceTitle "Bundesliga 9495"]
[Source "DeepChess"]
[SourceDate "2005.01.01"]
[SourceVersion "1"]
[SourceVersionDate "2005.01.01"]
[SourceQuality "1"]
[WhiteTeam "SV 1920 Hofheim"]
[BlackTeam "SAbt SV Werder Bremen"]
[WhiteTeamCountry "GER"]
[BlackTeamCountry "GER"]

1. e4 e6 2. d4 d5 3. Nd2 c5 4. exd5 Qxd5 5. Ngf3 cxd4 6. Bc4 Qd6 7. O-O a6 8.
Nb3 Qc7 9. Qxd4 Nc6 10. Qh4 Bd6 11. Bd2 Nge7 12. Bd3 Bd7 13. Bc3 e5 14. Ng5 Nf5
15. Bxf5 Bxf5 16. f4 Bxc2 17. Nxf7 Qxf7 18. fxe5 Be7 19. Rxf7 Bxh4 20. Rxg7
O-O-O 21. Na5 Nxa5 22. Bxa5 Rd1+ 23. Rxd1 Bxd1 24. Bc7 Bd8 25. Bd6 h5 26. Kf2
Bg4 27. Ke3 Be6 28. a3 Rg8 29. Rxg8 Bxg8 30. Kf4 Kd7 31. g4 hxg4 32. Kxg4 Ke6
33. h4 Bb6 34. Kf4 Bf7 35. b4 Bf2 36. Kg4 Bd4 37. Kf4 Be8 0-1